00503nam a2200145Ia 4500008004100000020001500041041000800056082001700064100002000081245019000101250000600291260002700297300001000324650002300334210716s1996 xx 000 0 und d a0814403190 aeng a658.408 BOLD aDavid, Bollier. aAiming Higher: 25 stories of how companies prosper by combining sound management and social vision.b25 stories of how companies prosper by combining sound management and social vision. a1 aNew YorkbAMACOMc1996 ax,374 aGeneral Management